| Tag |
First Indicator |
Second Indicator |
Subfields |
| LEADER |
00000cam a22000001a 4500 |
| 001 |
in00003221813 |
| 006 |
m d f |
| 007 |
cr bn mmmapmmp |
| 008 |
091020s1985 dcua ob f000 0 eng d |
| 005 |
20260504195839.0 |
| 035 |
|
|
|a cis2007451207
|
| 040 |
|
|
|a UMI
|c UMI
|d UtOrBLW
|
| 043 |
|
|
|a n-us---
|
| 074 |
|
|
|a 1045-A, 1045-B (microfiche)
|
| 086 |
0 |
|
|a Y 4.P 96/10:S.hrg.99-209
|
| 099 |
|
|
|a HRG-1985-PWO-0032
|
| 110 |
1 |
|
|a United States.
|b Congress.
|b Senate.
|b Committee on Environment and Public Works.
|b Subcommittee on Nuclear Regulation.
|
| 245 |
1 |
0 |
|a Nuclear regulatory reform :
|b hearings before the Subcommittee on Nuclear Regulation of the Committee on Environment and Public Works, United States Senate, Ninety-ninth Congress, first session, on S. 16 ... and S. 836 ... June 27 and July 11, 1985.
|
| 264 |
|
1 |
|a Washington :
|b U.S. G.P.O.,
|c 1985.
|
| 300 |
|
|
|a 1 online resource.
|
| 336 |
|
|
|a text
|b txt
|2 rdacontent
|
| 337 |
|
|
|a computer
|b c
|2 rdamedia
|
| 338 |
|
|
|a online resource
|b cr
|2 rdacarrier
|
| 490 |
1 |
|
|a S. hrg. ;
|v 99-209
|
| 500 |
|
|
|a Record is based on bibliographic data in ProQuest Congressional Hearings Digital Collection. Reuse except for individual research requires license from ProQuest, LLC.
|
| 504 |
|
|
|a Includes bibliographical references.
|
| 538 |
|
|
|a System requirements: PDF reader software.
|
| 500 |
|
|
|a Electronic resource.
|
| 650 |
|
0 |
|a Nuclear industry
|x Employees
|x Training of
|z United States.
|
| 650 |
|
0 |
|a Nuclear power plants
|x Location
|x Law and legislation
|z United States.
|
| 650 |
|
0 |
|a Nuclear power plants
|x Licenses
|z United States.
|
| 655 |
|
7 |
|a Electronic books.
|2 local
|
| 710 |
2 |
|
|a ProQuest (Firm)
|
| 776 |
0 |
8 |
|i Print version:
|a United States. Congress. Senate. Committee on Environment and Public Works. Subcommittee on Nuclear Regulation
|t Nuclear regulatory reform
|w (OCoLC)12783697
|w gp 86005745
|
| 776 |
0 |
8 |
|i Microfiche version:
|a United States. Congress. Senate. Committee on Environment and Public Works. Subcommittee on Nuclear Regulation
|t Nuclear regulatory reform.
|d [Bethesda, Md.] : ProQuest,[2004]
|o CIS 86 S321-1
|w (ProQuest)cis08602192
|
| 810 |
1 |
|
|a United States.
|b Congress.
|b Senate.
|t S. hrg. ;
|v 99-209.
|
| 830 |
|
0 |
|a U.S. Congressional Hearings.
|
| 856 |
4 |
0 |
|u http://proxy.library.tamu.edu/login?url=https://congressional.proquest.com/congcomp/getdoc?HEARING-ID=HRG-1985-PWO-0032
|z Connect to the full text of this electronic book
|t 0
|
| 998 |
|
|
|a cis08602192
|
| 999 |
|
|
|a MARS
|
| 999 |
f |
f |
|s 46eea58a-a042-321e-9a1c-4a5e5f0093bc
|i 3bf13ed8-8168-3a25-9403-1eb719f001bc
|t 0
|
| 952 |
f |
f |
|a Texas A&M University
|b College Station
|c Electronic Resources
|s www_evans
|d Available Online
|t 0
|e HRG-1985-PWO-0032
|h Other scheme
|
| 998 |
f |
f |
|a HRG-1985-PWO-0032
|t 0
|l Available Online
|